Les 30 villes les plus peuplées de Loire-Atlantique - Statistiques

Statistiques générales
  • Ce quiz a été pris 252 fois
  • Le résultat moyen est 15 sur 30
Statistiques - réponses
Population Ville % Correct
298 029 Nantes
99%
69 350 Saint-Nazaire
92%
44 337 Saint-Herblain
85%
39 505 Rezé
83%
14 578 Pornic
80%
25 305 Orvault
70%
23 104 Vertou
69%
18 893 Carquefou
66%
11 895 Châteaubriant
59%
25 915 Saint-Sébastien-sur-Loire
59%
19 120 La Chapelle-sur-Erdre
54%
10 709 Pornichet
54%
18 675 Bouguenais
52%
16 127 Guérande
52%
20 255 Couëron
51%
15 542 La Baule-Escoublac
44%
8 255 Savenay
43%
14 663 Sainte-Luce-sur-Loire
41%
10 398 Pontchâteau
39%
13 210 Saint-Brévin-les-Pins
38%
9 595 Blain
36%
8 492 Basse-Goulaine
34%
8 412 Nort-sur-Erdre
33%
9 109 Thouaré-sur-Loire
28%
8 722 Vallet
28%
7 911 Les Sorinières
25%
8 708 Saint-Philbert-de-Grand-Lieu
23%
7 547 Donges
18%
8 395 Treillières
15%
8 058 Le Loroux-Bottereau
6%
Aucun quiz correspondant
Distribution des résultats
% des personnes avec chaque résultat
Percentile par nombre de réponses
Votre historique - résultats
Vous n’avez pas pris ce quiz